Länder nach Emojis - Statistiken

Allgemein
  • Dieses Quiz wurde 472 mal gespielt
  • Das Durchschnittsergebnis liegt bei 9 aus 10
Antwortstatistiken
Hint Antwort % Korrekt
🍕🛵 Italien
97%
🍁🏒 Kanada
97%
🗽🍔 USA
97%
🏰🍺 Deutschland
95%
🗼🍣 Japan
91%
🌮🦅 Mexiko
90%
🐨🌏 Australien
88%
🏔️🎻 Österreich
77%
🌄🎿 Schweiz
77%
🕌🐪 Saudi Arabien
52%
Keine übereinstimmenden Quizze gefunden
Verteilung der Resultate
Anzahl Personen mit jedem Resultat
Perzentil nach korrekt beantworteten Fragen
Ihre Resultats-Entwicklung
Sie haben dieses Quiz noch nicht gespielt